| 000 | 00682nam a22001937a 4500 | ||
|---|---|---|---|
| 003 | OSt | ||
| 005 | 20140310181808.0 | ||
| 008 | 130704t xxu||||| |||| 00| 0 eng d | ||
| 050 |
_aAG 195 _b.M835 1991 |
||
| 082 |
_aREF 793.73 _bM81 1991 |
||
| 245 |
_aMore big book questions & anaswers ages 3 and up : _bQ. why do wolves howl? hundreds of questions on animals, Record- Breakers, Holidays, Music, Games & Toys,and much more / |
||
| 260 |
_aIllinois : _bPublications International, Ltd, _cc1991. |
||
| 300 |
_a192 p. ; _bill, col. ; _c30 cm. |
||
| 520 | _a1. Curiosity 2. Trivia | ||
| 521 | _aBasic Ed. Students | ||
| 541 | _j1 | ||
| 562 | _e1 | ||
| 942 |
_2lcc _cBK-GR _kREF |
||
| 999 |
_c3852 _d3852 |
||